Statistics for Asian Countries with the Lowest Average Elevation

Click here to take the quiz!

General Stats

  • This quiz has been taken 27 times
  • The average score is 8 of 10

Answer Stats

ElevationCountry% Correct
6 ftMaldives
100%
49 ftSingapore
96%
92 ftQatar
96%
354 ftKuwait
96%
0 ftBahrain
92%
489 ftUnited Arab Emirates
83%
279 ftBangladesh
79%
748 ftSri Lanka
75%
413 ftCambodia
63%
299 ftCyprus
54%

Score Distribution

Percentile by Number Answered

Percent of People with Each Score

Your Score History

You have not taken this quiz